| 000 | 01922cam a2200397 i 4500 | ||
|---|---|---|---|
| 001 | data | ||
| 005 | 20260322212115.0 | ||
| 008 | data | ||
| 035 | _a21862715 | ||
| 906 |
_a7 _bcbc _corignew _d1 _eecip _f20 _gy-gencatlg |
||
| 925 | 0 |
_aacquire _b1 shelf copy _xpolicy default |
|
| 955 |
_wxk14 2021-01-08 (TW Situational) to CIP _fxk02 2022-08-05 to PresSrvs (telework) |
||
| 010 | _a 2021000890 | ||
| 020 |
_a9780486848228 _q(trade paperback) |
||
| 040 |
_aDLC _beng _cDLC _erda _dDLC |
||
| 042 | _apcc | ||
| 050 | 0 | 0 |
_aPS648.A36 _bM67 2021 |
| 082 | 0 | 0 |
_a813/.08708 _223 |
| 245 | 0 | 4 |
_aThe most dangerous game : _band other stories of adventure / _cRichard Connell, Jack London, O. Henry, Clark Ashton Smith, John Kruse and Rudyard Kipling. |
| 264 | 1 |
_aGarden City, New York : _bDover Publications, _c[2021] |
|
| 300 |
_avii, 102 pages ; _c21 cm. |
||
| 336 |
_atext _btxt _2rdacontent |
||
| 337 |
_aunmediated _bn _2rdamedia |
||
| 338 |
_avolume _bnc _2rdacarrier |
||
| 490 | 0 | _aDover thrift editions | |
| 505 | 0 | _aThe most dangerous game / Richard Connell -- To build a fire / Jack London -- The caballero's way / O. Henry -- The seed from the sepulchre / Clark Ashton Smith -- Alone in shark waters / John Kruse -- The man who would ne king / Rudyard Kipling. | |
| 520 |
_a"Readers seeking exotic locales and nonstop pulse-pounding thrills will love this collection of six classic adventure stories"-- _cProvided by publisher. |
||
| 650 | 0 | _aAdventure stories, American. | |
| 650 | 0 | _aAdventure stories, English. | |
| 700 | 1 |
_aConnell, Richard Edward, _d1893-1949, _eauthor. |
|
| 700 | 1 |
_aLondon, Jack, _d1876-1916, _eauthor. |
|
| 700 | 1 |
_aHenry, O., _d1862-1910, _eauthor. |
|
| 700 | 1 |
_aSmith, Clark Ashton, _d1893-1961, _eauthor. |
|
| 700 | 1 |
_aKruse, John, _d1919- _eauthor. |
|
| 700 | 1 |
_aKipling, Rudyard, _d1865-1936, _eauthor. |
|
| 999 |
_c1732 _d1732 |
||